000 00520nam a2200169 i 4500
001 185036
003 ES-MaACL
005 20251013205539.0
008 160308s1918 sz |||| | fre d
100 1 _aTzara, Tristan.
_9150006
245 1 0 _aVingt-cinq poèmes /
_cTristan Tzara ; dix gravures sur bois [de] H. Arp.
260 _aZurich :
_bCollection Dada,
_c[1918?]
300 _a[52] p. :
_bil. ;
_c21 cm.
700 1 _aArp, Jean,
_d1887-1966
_9158997
852 _aES-MaACL
_j1565-F-14
999 _c185036
_d185036